تخطي إلى المحتوى
حسابك
تسجيل الخروج
تسجيل الدخول
اللغة
English
Deutsch
Español
Français
Italiano
日本語
Nederlands
Português
Português (Brasil)
中文(简体)
中文(繁體)
Türkçe
עברית
Gaeilge
Cymraeg
Ελληνικά
Català
Euskara
Русский
Čeština
Suomi
Svenska
polski
Dansk
slovenščina
اللغة العربية
বাংলা
Galego
Tiếng Việt
Hrvatski
हिंदी
كل الحقول
العنوان
المؤلف
الموضوع
رقم الطلب
ردمك/تدمد
الوسم
ابحث
بحث متقدم
بحث عن
The Tretyakov gallery
عرض للأخصائي
استشهد بهذا
أرسل هذا بالبريد الإلكتروني
طباعة
تصدير التسجيلة
تصدير إلى RefWorks
تصدير إلى EndNoteWeb
تصدير إلى EndNote
تصدير إلى MARC
تصدير إلى MARCXML
تصدير إلى RDF
تصدير إلى BibTeX
تصدير إلى RIS
أضف إلى المفضلة
The Tretyakov gallery
محفوظ في:
التفاصيل البيبلوغرافية
التنسيق:
كتاب
اللغة:
Undetermined
منشور في:
Leningrad, USSR
Aurora Art
1974
الموضوعات:
galleries
الوسوم:
إضافة وسم
لا توجد وسوم, كن أول من يضع وسما على هذه التسجيلة!
Thư viện lưu trữ:
Trung tâm Học liệu Trường Đại học Cần Thơ
المقتنيات
الوصف
التعليقات
مواد مشابهة
عرض للأخصائي
LEADER
00398nam a2200157Ia 4500
001
CTU_26663
008
210402s9999 xx 000 0 und d
082
|a
759
082
|b
T799
245
4
|a
The Tretyakov gallery
260
|a
Leningrad, USSR
260
|b
Aurora Art
260
|c
1974
650
|a
galleries
904
|i
Minh, 981016
980
|a
Trung tâm Học liệu Trường Đại học Cần Thơ
مواد مشابهة
Galeries de Dresde
بواسطة: Gertrud Hille
منشور في: (1964)
Cụm thiết kế đồ họa quảng cáo cho Gallery Thân Võ
بواسطة: Nguyễn, Võ Như Quỳnh
منشور في: (2021)
Vài nét về thị trường mỹ thuật tại Thành phố Hồ Chí Minh /
بواسطة: Nguyệt Cầm.
Gallery và thị trường mỹ thuật /
بواسطة: Trần Hậu Tuấn.
IMPROVING STUDENTS’ ENGLISH SPEAKING SKILLS THROUGH THE GALLERY WALK TECHNIQUE
بواسطة: Do, Phuc Huong
منشور في: (2025)
تحميل...